| 000 | 01613nam a2200301Ia 4500 | ||
|---|---|---|---|
| 999 |
_c56418 _d56418 |
||
| 001 | 23531 | ||
| 003 | GE_BSU | ||
| 005 | 20260220112036.0 | ||
| 008 | 181216s2000||||ge |||||||||||||| ||geo|| | ||
| 020 | _a99928-77-83-9 | ||
| 040 | _cGE_BSU | ||
| 041 | _ageo | ||
| 080 | _a94(395.3) ქ-15 | ||
| 100 |
_aქავთარია, გრანი _915333 |
||
| 245 |
_aქუჯი [ეგრისის ერისთავი / _cგრანი ქავთარია ; რედ. : რევაზ ბარამიძე. |
||
| 264 |
_aთბილისი : _bთბილ. უნ-ტის გამ-ბა, _c2000. |
||
| 300 |
_a32 გვ. ; _c20 სმ. |
||
| 500 | _aნაშრომში განხილულია ეგრისის ერისთავის - ქუჯის მოღვაწეობა, გაანალიზებულია მისი როლი ქართლისა და ეგრისის ერთ სახელმწიფოდ გაერთიანების საქმეში | ||
| 504 | _aბიბლიოგრაფია ტექსტის შენიშვნებში | ||
| 520 | _aრეზიუმე რუსულ ენა | ||
| 541 | _h5 ლ. | ||
| 653 | _aეგრისის ერისთავი | ||
| 653 | _aეგრისის ისტორია | ||
| 653 | _aსაქართველოს გაერთიანება | ||
| 653 | _aქუჯი | ||
| 700 |
_a ბარამიძე, რევაზ _eრედაქტორი _926936 |
||
| 942 |
_cBK _2udc |
||